2025 NFL Draft 1st Round - Statistics

General Stats
  • This quiz has been taken 28 times
  • The average score is 21 of 32
Answer Stats
Pick Team College Position Answer % Correct
6 Las Vegas Raiders Boise State RB Ashton Jeanty
100%
1 Tennesee Titans Miami QB Cam Ward
100%
2 Jacksonville Jaguars Colorado WR/CB Travis Hunter
100%
25 New York Giants Ole Miss QB Jaxson Dart
92%
4 New England Patriots LSU OT Will Campbell
92%
3 New York Giants Penn State EDGE Abdul Carter
88%
10 Chicago Bears Michigan TE Colston Loveland
85%
19 Tampa Bay Buccaneers Ohio State WR Emeka Egbuka
85%
31 Philidelphia Eagles Alabama LB Jihaad Campbell
85%
14 Indianapolis Colts Penn State TE Tyler Warren
85%
23 Green Bay Packers Texas WR Matthew Golden
81%
8 Carolina Panthers Arizona WR Tetairoa McMillan
77%
5 Cleveland Browns Michigan DT Mason Graham
73%
22 Los Angeles Chargers North Carolina RB Omarion Hampton
73%
11 San Francisco 49ers Georgia EDGE Mykel Williams
69%
28 Detroit Lions Ohio State DT Tyleik Williams
65%
7 New York Jets Missouri OT Armand Membou
62%
15 Atlanta Falcons Georgia EDGE Jalon Walker
58%
27 Baltimore Ravens Georgia S Malaki Starks
58%
17 Cincinnati Bengals Texas A&M EDGE Shemar Stewert
58%
9 New Orleans Saints Texas OT Kelvin Banks Jr
54%
12 Dallas Cowboys Alabama G Tyler Booker
54%
18 Seattle Seahawks NDSU G Grey Zabel
50%
26 Atlanta Falcons Tennesee EDGE James Pearce Jr
50%
30 Buffalo Bills Kentucky CB Maxwell Hairston
46%
20 Denver Broncos Texas CB Jahdae Barron
42%
32 Kansas City Chiefs Ohio State OT Josh Simmons
42%
13 Miami Dolphins Michigan DT Kenneth Grant
42%
16 Arizona Cardinals Mississippi DT Walter Nolen
42%
21 Pittsburgh Steelers Oregon DT Derrick Harmon
38%
24 Minnesota Vikings Ohio State G Donovan Jackson
38%
29 Washington Commanders Oregon OT Josh Conerly Jr
23%
No matching quizzes found
Score Distribution
Percent of People with Each Score
Percentile by Number Answered
Your Score History
You have not taken this quiz